Test ABC : (Record no. 18933)

000 -CABECERA
fixed length control field 01179nam a22002657a 4500
003 - IDENTIFICADOR DEL NÚMERO DE CONTROL
control field AR-CdUCM
008 - DATOS DE LONGITUD FIJA--INFORMACIÓN GENERAL
fixed length control field 190515b ||||| |||| 00| 0 spa d
040 ## - FUENTE DE LA CATALOGACIÓN
Agencia/entidad que catalogó originalmente la obra MUNICIPALIDAD PROVINCIAL DEL CUSCO
Entidad que transcribió la catalogación BIBLIOTECA MUNICIPAL DEL CUSCO
082 ## - NÚMERO DE LA CLASIFICACIÓN DECIMAL DEWEY
No. de la edición 6ed.
No. de Clasificación 372.11 /
Notacion interna F51
100 ## - ENTRADA PRINCIPAL--NOMBRE DE PERSONA
Nombre Personal Filho, Lourenço
245 ## - MENCIÓN DE TÍTULO
Título Test ABC :
Resto del título de verificación de la madurez necesaria para el aprendizaje de la lectura y escritura /
260 ## - PUBLICACIÓN, DISTRIBUCIÓN, ETC.
Lugar de publicación, distribución, etc. Buenos Aires :
Nombre de la editorial, distribuidor, etc. Kapelusz,
Fecha de publicación, distribución, etc. 1960.
300 ## - DESCRIPCIÓN FÍSICA
Nº de Páginas Extensión XVI, 239 páginas ;
Otros detalles físicos cuadros,
Dimensiones 21 cm.
440 ## - MENCIÓN DE SERIE/PUNTO DE ACCESO ADICIONAL--TÍTULO
Título Biblioteca de Psicología Contemporánea.
9 (RLIN) 35689
505 ## - NOTA DE CONTENIDO CON FORMATO
Nota de contenido formateada Contenido: Alfabeto y educación -- Localización del problema -- Cómo ha sido encarada la cuestión -- Nueva manera de proponer la cuestión -- El juzgamiento empírico de la edad escolar inicial -- Investigaciones relativas a la edad cronológica ...
650 ## - PUNTO DE ACCESO ADICIONAL DE MATERIA--TÉRMINO DE MATERIA
Descriptor Educación
9 (RLIN) 460
650 ## - PUNTO DE ACCESO ADICIONAL DE MATERIA--TÉRMINO DE MATERIA
Descriptor Psicología
9 (RLIN) 1538
650 ## - PUNTO DE ACCESO ADICIONAL DE MATERIA--TÉRMINO DE MATERIA
Descriptor Pruebas psicológicas
9 (RLIN) 7330
700 ## - PUNTO DE ACCESO ADICIONAL--NOMBRE DE PERSONA
Nombre Personal Forgione, José D.
9 (RLIN) 8942
700 ## - PUNTO DE ACCESO ADICIONAL--NOMBRE DE PERSONA
Nombre Personal Mira, Montserrat (traductores)
9 (RLIN) 39858
700 ## - PUNTO DE ACCESO ADICIONAL--NOMBRE DE PERSONA
Nombre Personal Nelson, Ernesto (prólogo)
9 (RLIN) 39859
942 ## - ELEMENTOS DE PUNTO DE ACCESO ADICIONAL (KOHA)
Fuente de clasificación
Tipo de item Libros-BMC
945 ## - PROCESAMIENTO DE INFORMACIÓN LOCAL (OCLC)
Catalogador achl
AAAA-MM-DD - Fecha de ingreso o modificacion 2019-05-15
Holdings
Estado de retiro (separado) Fuente de clasificación o esquema de estanterías Estado dañado Ubicación Sala donde se ubica Nombre de la colección Fecha de adquisición o compra Costo, precio normal en soles Signatura topográfica Código de Barras Última vez visto (Koha) Tipo de ítem (Koha)
No     Sala Humanidades Sala Humanidades Book Cart 2019-05-15 35.00 372.11 / F51 SH0000013852 2019-05-15 Libros-BMC

Powered by Koha